000 00627nam a2200205 4500
003 OSt
005 20240703060906.0
006 a
008 240703b |||||||| |||| 00| 0 eng d
020 _a9710868438
040 _aDWCL-Main lib.
_cOC
082 _aFil. 499.211 Ar778r 2007
100 _aArrogante, Jose A.
245 _aRetorika : masining na pagpapahayag /
260 _aMandaluyong City :
_bNational Book Store,
_cc2007.
300 _axxi,
_b468 p. : ill. ;
_c22 cm.
504 _aIncludes bibliographical references.
650 _a1. Filipino language-Study and teaching.
942 _2ddc
_n0
_cBK - FIL
_kFil.
999 _c1876
_d1876